| 000 | 00773nam a22002175i 4500 | ||
|---|---|---|---|
| 001 | 168863 | ||
| 003 | ES-MaACL | ||
| 005 | 20230906213919.0 | ||
| 008 | 080616s2007 sp |||| | spa d | ||
| 080 | _a316.653(460) | ||
| 100 | 1 |
_aCapellán de Miguel, Gonzalo. _934825 |
|
| 245 | 1 | 1 |
_a¿Quién opina en la opinión pública? _b: libro-programa / _c[Gonzalo Capellán de Miguel ; Antonio Cases]. |
| 250 | _aEd. numerada. | ||
| 260 |
_aSantander : _bACOPOS, _c2007. |
||
| 300 |
_a142 p. ; _c41 p. |
||
| 500 | _aIncluye: La opinión pública española / Antonio Cases. - Madrid, 1920. | ||
| 504 | _aBibliografía. | ||
| 650 | 1 | 4 |
_aOpinión pública- _zEspaña . _9137992 |
| 700 | 1 |
_aCases, Antonio. _936292 |
|
| 852 | 4 |
_aES-MaACL _jL-29429 _9R.143180 _zEjemplar nº 111 |
|
| 999 |
_c168863 _d168863 |
||